01440nam a2200325 4500003000900000005001700009008004100026017001300067040004600080041000800126082002800134092000700162099004500169100004300214245015800257250003000415264006200445300002900507336002200536337002400558338003300582504006100615546010200676650004100778856005700819905001300876942001900889999001700908952018900925EG-GICUC20260121101217.0251113s1991 ua ||||fr|||| 00| 0 ara d a19909498 a EG-GICUCbarac EG-GICUCd EG-GICUCerda0 aara04221a341.851bك م . ت04221 aLaw1 12 341.851 ك م . ت 1 ed - 19910 aكمال إبراهيمeمؤلف.12aالتحكيم التجارى الدولي :bحتمية التحكيم وحتمية قانون التجارة الدولي /cكمال إبراهيم. aالطبعة الاولى 1aالقاهرة :bدار الفكر العربي،c1991. a168 ؛ صفحةc24 سم 2rda contentatext 2rda mediaaComputer 2rda carrieraOnline Resource aيحتوي على ارجاعات ببليوجرافية  aالنص أغلبه باللغة العربية مع بعض النصوص الإنجليزية1 aالتحكيم - قانون دولي40uhttps://fll.law.cu.edu.eg/fulltext/bks/B12-00970.pdf a75eYara 2ddcn0cBKe21 c43014d43014 00102ddc40718القانون الدولي الخاصaCUbLAW1d2025-11-13l0oLaw1 12 341.851 ك م . ت 1 ed - 1991 1200970 C1pB12-00970r2025-11-13 11:18:34t1w2025-11-13yBK